000 00325nam a22001457a 4500
999 _c10207
_d10207
003 OSt
005 20210217155002.0
008 210217b ||||| |||| 00| 0 eng d
040 _cDDC
050 _bW947M
082 _bW947M
100 _aWright, Henry W.
245 _aA more excellent way: Be in health
942 _2ddc
_cBK